अर्थ विज्ञान और व्याकरण दर्शन (Record no. 117639)
[ view plain ]
| 000 -LEADER | |
|---|---|
| fixed length control field | 00853nam a2200241Ia 4500 |
| 003 - CONTROL NUMBER IDENTIFIER | |
| control field | OSt |
| 005 - DATE AND TIME OF LATEST TRANSACTION | |
| control field | 20220918111956.0 |
| 008 - FIXED-LENGTH DATA ELEMENTS--GENERAL INFORMATION | |
| fixed length control field | 220915b |||||||| |||| 00| 0 hin d |
| 037 ## - SOURCE OF ACQUISITION | |
| Terms of availability | Textbook |
| 040 ## - CATALOGING SOURCE | |
| Language of cataloging | hin |
| Original cataloging agency | ARTS |
| Transcribing agency | ARTS |
| 041 ## - LANGUAGE CODE | |
| Language code of text/sound track or separate title | hin |
| 100 ## - MAIN ENTRY--PERSONAL NAME | |
| Personal name | द्विवेदी, कपिल देव |
| 245 #0 - TITLE STATEMENT | |
| Title | अर्थ विज्ञान और व्याकरण दर्शन |
| 246 ## - VARYING FORM OF TITLE | |
| Title proper/short title | Artha vijnyān aur vyākaraṇ darshana |
| 260 ## - PUBLICATION, DISTRIBUTION, ETC. | |
| Place of publication, distribution, etc. | इलाहाबाद |
| Name of publisher, distributor, etc. | हिन्दुस्तानी ऐकेडमी |
| Date of publication, distribution, etc. | 1951 |
| 300 ## - PHYSICAL DESCRIPTION | |
| Extent | 398पृ0 |
| Dimensions | cm. |
| 942 ## - ADDED ENTRY ELEMENTS (KOHA) | |
| Classification part | P15:30J4, 152J1-;1-;2-;3 |
| Koha item type | Textbook |
| Source of classification or shelving scheme | Colon Classification (CC) |
No items available.
